=LDR 00000nam 2200000 4500 =001 INLIS000000000010223 =005 20130612101927 =008 ***********************************Ind** =035 ##$$a0010-061300000010223 =041 ##$$a Ind =082 ##$$a 808.82 =090 ##$$a 808.82, Abu k =100 ##$$a Abubakar, Usamah =245 ##$$a Keledai suaikh juka, Usamah Abubakar =260 ##$$a 2003 $b Yogyakarta =300 ##$$a xix, 250 hlm, 21 cm =650 ##$$a Cerita Humor =850 ##$$a NBPNMAT =990 ##$$a 0001/BPAP-NTB/20142014